LDR 01040naa#a2200205#i#450# 001 RU\\bibl\120268 005 20260416204616.4 011 ## _a1819-4036 100 ## _a20210331b2021####ek#y0rusy0150####ca 102 ## _aRU 200 1# _aГИСТОМОРФОЛОГИЧЕСКИЕ ИЗМЕНЕНИЯ ОСНОВЫ КОЖИ КОПЫТЕЦ У КРУПНОГО РОГАТОГО СКОТА ПРИ РАЗВИТИИ ЯЗВЫ РУСТЕРГОЛЬЦА _eЖурнальная статья 210 1# _aКрасноярск _cКрасноярский государственный аграрный университет _d2021 215 ## _a7 с. 608 ## _aЖурнальная статья _2local 675 ## _aСравнительная патология. Ветеринария. 619 _z 700 #1 _aГагарин _gЕвгений Максимович 700 #1 _aГлазунова _gЛариса Александровна 700 #1 _aРамих _gПавел Михайлович 700 #1 _aЦыганок _gВлад Олегович 856 4# _avestnik.kgau.ru _u